000 00659nam a2200181Ia 4500
008 090630s9999 xx 000 0 und d
082 _b13453
100 _aजोशी पी. जी.
245 _aप्राचीन भारताचा इतिहास.
_cजोशी पी. जी.
260 _bअभय - नांदेड.
_c1994
300 _a304
600 _aजोशी पी. जी.
630 _aप्राचीन भारताचा इतिहास.
655 _aइतर.
700 _aजोशी पी. जी.
730 _aप्राचीन भारताचा इतिहास.
942 _cBOOK
999 _c265309
_d265309